01389nam a2200277 a 450000100100000000500170001000800410002702000180006804000250008608200200011110000370013124500420016826000390021030000210024950000700027059000270034065000270036765000310039491000370042595201330046295201240059595201330071995201180085295201240097099900170109400004488320240530073923.0150115s2014 dr 000 f spa d a9789945589399 aDO-SdBNPbspacBNPHU aRD863.44bC199f1 aCampusano, Ramónd1958-97289310aFuria de perros /cRamón Campusano. aSanto Domingo :bSantuario,c2014. a155 p. ;c23 cm. aIncluye datos biográficos del autor en la solapa de la cubierta aInventariado, 2020/MFF 0aNovela dominicana9223 0aLiteratura dominicana.967 aValidado. Control de calidad MFF 001054708DSaGRbGRcHDd2015-01-15iLF1l0oRD863.44 C199fp44883-30r2020-06-25te. 3w2020-06-25yLFDSZPréstamo en sala 0010718DSaGRbGRcHDd2015-03-05iLF1l0oRD863.44 C199fp44883-40r2020-06-25te. 4w2020-06-25yLFDSZNo se presta 001054708DSaGRbGRcHDd2015-03-05iLF1l0oRD863.44 C199fp44883-50r2020-06-25te. 5w2020-06-25yLFDSZPréstamo en sala 0010718PDaPDbPDcHDd2015-01-15iLF1l0oRD863.44 C199fp44883-10r2020-06-25w2020-06-25yLFPDZNo se presta 0010718PDaPDbPDcHDd2015-01-15iLF1l0oRD863.44 C199fp44883-20r2020-06-25te. 2w2020-06-25yLFPDZNo se presta c44372d44372